Generációs különbségek az irodai munkakörnyezettel kapcsolatos elvárásokban és javaslatokban

Bibliographic Details
Main Author: Szabó Nóra
Other Authors: Keszei Barbara
Format: Thesis
Kulcsszavak:ergonómia
generációk
irodai munkakörnyezet
környezetpszichológia
munkapszichológia
Online Access:http://dolgozattar.uni-bge.hu/59503

MARC

LEADER 00000nta a2200000 i 4500
001 dolg59503
005 20260409145144.0
008 260409suuuu hu om 000 hun d
040 |a BGE Dolgozattár Repozitórium  |b hun 
041 |a hu 
100 1 |a Szabó Nóra 
245 1 0 |a Generációs különbségek az irodai munkakörnyezettel kapcsolatos elvárásokban és javaslatokban  |c Szabó Nóra  |h [elektronikus dokumentum] 
520 3 |a A dolgozat az irodai környezet környezetpszichológiai elemzésére fókuszál, különös tekintettel az X, Y és Z generációk igényeire. A kutatás célja feltárni, hogy a különböző generációk milyen elvárásokat támasztanak az irodai fizikai környezettel szemben, és hogyan befolyásolja ez a munkavégzés hatékonyságát. A dolgozat rávilágít arra, hogy a szolgáltató szektorban dolgozók jelentős része irodai munkát végez, ezért a megfelelő munkakörnyezet kiemelten fontos. A környezetpszichológia tudományága az ember és a környezet kölcsönhatásait vizsgálja, és hangsúlyozza a fizikai környezet jelentőségét. Az irodai munkakörnyezet ergonómiai szempontjai, mint például a bútorok elrendezése, a fényviszonyok és a zajszint, mind befolyásolják a munkavállalók közérzetét és teljesítményét. A kutatás félig strukturált interjúk segítségével gyűjtött adatokat, melyekben a válaszadók véleményét és elégedettségét mérték fel a jelenlegi munkakörnyezetükkel kapcsolatban. Az eredmények hozzájárulhatnak a munkavállalói jóllét növeléséhez és a hatékonyabb munkakörnyezet kialakításához. 
695 |a ergonómia 
695 |a generációk 
695 |a irodai munkakörnyezet 
695 |a környezetpszichológia 
695 |a munkapszichológia 
700 1 |a Keszei Barbara  |e ths 
856 4 0 |u http://dolgozattar.uni-bge.hu/59503/1/Szab%C3%B3_N%C3%B3ra_Szakdolgozat_2025.pdf  |z Dokumentum-elérés 
856 4 0 |u http://dolgozattar.uni-bge.hu/59503/2/Szabo%CC%81No%CC%81ra%20_KeszeiBarbara.pdf  |z Dokumentum-elérés 
856 4 0 |u http://dolgozattar.uni-bge.hu/59503/3/Szab%C3%B3_N%C3%B3ra_k%C3%BCls%C5%91_b%C3%ADr%C3%A1l%C3%B3.pdf  |z Dokumentum-elérés